000 00288nam a22001337a 4500
008 170316b xxu||||| |||| 00| 0 eng d
020 _a9780781746779
041 _aeng
080 _26 ED
_a616.8
100 _a7
101 _aSHM
245 _aHEURO ANATOMY
_cHAINES.D.E
942 _2udc
_cBK
999 _c8032
_d8032